Statistics for 5 Seconds of Summer - Best Friends (Lyrics)

Click here to take the quiz!

General Stats

  • This quiz has been taken 13 times
  • The average score is 296 of 360

Answer Stats

Answer% Correct
A
100%
a
100%
an
100%
And
100%
and
100%
best
100%
can
100%
for
100%
friends
100%
God's
100%
got
100%
hold
100%
holding
100%
Holding
100%
I
100%
I'm
100%
in
100%
love
100%
on
100%
place
100%
sake
100%
the
100%
this
100%
to
100%
You
100%
you,
100%
you
100%
your
100%
Your
100%
all
83%
face
83%
Honey,
83%
it
83%
keep
83%
me
83%
Memories
83%
reaching
83%
safe
83%
see
83%
you're
83%
am
67%
are
67%
as
67%
bathroom
67%
beauty
67%
don't
67%
gold
67%
have
67%
is
67%
It's
67%
like
67%
lining's
67%
live
67%
look
67%
more
67%
my
67%
narrative,
67%
now
67%
only
67%
out
67%
Perfect
67%
perfect
67%
rational
67%
say
67%
shining
67%
Silver
67%
that
67%
time
67%
timing
67%
try
67%
until
67%
wall
67%
way
67%
we
67%
when
67%
written
67%
animal
50%
baby,
50%
Back
50%
before
50%
begun
50%
better
50%
But,
50%
call
50%
calm
50%
change
50%
coming
50%
decorated
50%
I'd
50%
everybody
50%
fear
50%
feel
50%
feeling
50%
felt
50%
filter
50%
floor
50%
has
50%
jaw
50%
just
50%
knows
50%
late
50%
Life
50%
life
50%
list
50%
living
50%
mistakes
50%
never,
50%
never
50%
not
50%
of
50%
other
50%
past
50%
poem
50%
remember
50%
shit
50%
side
50%
somebody
50%
storm
50%
summer
50%
sun
50%
Take
50%
take
50%
there's
50%
they
50%
things
50%
twenty-four
50%
wait
50%
waiting
50%
wanna
50%
were
50%
what
50%
where
50%
who
50%
will
50%
won't
50%
becomes
33%
day
33%
names
33%
our
33%
planned
33%
than
33%
under
33%
you've
33%

Score Distribution

Percentile by Number Answered

Percent of People with Each Score

Your Score History

You have not taken this quiz